000 00755cam a22002413a 4500
001 5074
003 PGUSA
005 20140828083113.0
008 040201s2004||||xxu|||||s|||||000 | eng d
040 _aPGUSA
_beng
042 _adc
050 4 _aPZ
100 1 _aGatty, Alfred,
_cMrs,
_d1809-1873
245 1 0 _aAunt Judy's Tales
_h[electronic resource] /
_cAlfred, Gatty
260 _bProject Gutenberg,
_c2004
505 0 _aThe little victims -- Vegetables out of place -- Cook stories -- Rabbits' tails -- Out of the way -- Nothing to do.
506 _aPublic domain in the USA.
516 _aElectronic text
653 _aChildren's stories
830 0 _aProject Gutenberg
_v5074
856 4 0 _uhttp://www.gutenberg.org/ebooks/5074
942 _cEB
999 _c234403
_d234403